Statistiken für Geschichte nach Buchstabe - O

Klicken Sie hier um das Quiz zu spielen!

Allgemein

  • Dieses Quiz wurde 4.806 mal gespielt
  • Das Durchschnittsergebnis liegt bei 10 aus 20

Antwortstatistiken

HinweisAntwort% Korrekt
Türkisches Reich, das Konstantinopel eroberteOsmanisches Reich
93%
Griechischer Athletikwettbewerb, der 776 v. Chr. starteteOlympische Spiele
88%
Russische Revolution von 1917{Oktober}revolution
80%
Droge, welche in China zu zwei Kriegen führteOpium
79%
Die Habsburger herrschten 500 Jahre über dieses LandÖsterreich
73%
Verwandte der WestgotenOstgoten
73%
Spitzname von Jeanne d'ArcJungfrau von {Orléans}
70%
Eines der zwei Epen, die Homer zugeschrieben werdenOdyssee
58%
Cromwell's VornameOliver
54%
Erster König der NiederlandeWilhelm von {Oranien}
53%
"Vater" der A-BombeJ. Robert Oppenheimer
52%
Kartell, das 1973 ein Ölembargo ankündigteOPEC
40%
Römischer Poet, der die "Metamorphosen" schriebOvid
39%
Japanische Insel und Ort einer brutalen Schlacht im 2. WeltkriegOkinawa
37%
Tödlichster D-Day-KüstenabschnittOmaha Beach
34%
Ort von Verhandlungen zwischen Israel und der PLO (1993)Oslo
28%
Jacqueline Bouvier's zweiter EhemannAristotle Onassis
20%
Pionierpfad von Missouri zum Willamette ValleyOregon Trail
14%
Ort eines "Land-Rennens" im Jahr 1889Oklahoma
12%
Antike mexikanische Zivilisation bekannt für ihre KolossalköpfeOlmeken
12%

Verteilung der Resultate

Perzentil nach korrekt beantworteten Fragen

Anzahl Personen mit jedem Resultat

Ihre Resultats-Entwicklung

Sie haben dieses Quiz noch nicht gespielt